000 00736nam a2200205Ia 4500
999 _c39254
_d39254
001 5840
003 GE_BSU
005 20190918154640.0
008 181216s1940||||ge |||||||||||||| ||geo||
040 _cGE_BSU
041 _ageo
080 _a821.353.1-1 ა-58
100 _aამისულაშვილი, შ.
_94041
245 _aლექსები /
_cშალვა ამისულაშვილი ; რედ. ზ. ფირცხალაიშვილი.
264 _aთბილისი :
_bფედერაცია ;
_c1940.
300 _a62 გვ. ;
_c16 სმ.
653 _aლექსები
700 _aრედ. ზ. ფირცხალაიშვილი.
_94095
942 _cBK
_2udc